From Munich to London: responses to the czechoslovak crisis of 1938-1939 in the press of the Yishuv in Palestine
| Main Author: | |
|---|---|
| Format: | Print Article |
| Language: | English |
| Check availability: | HBZ Gateway |
| WorldCat: | WorldCat |
| Interlibrary Loan: | Interlibrary Loan for the Fachinformationsdienste (Specialized Information Services in Germany) |
| Published: |
2018
|
| In: |
Chilufim
Year: 2018, Volume: 24, Pages: 71-99 |
| IxTheo Classification: | BH Judaism TK Recent history |
| Further subjects: | B
Politics
B Press B Crisis B Palestine B Prague |
MARC
| LEADER | 00000caa a2200000 c 4500 | ||
|---|---|---|---|
| 001 | 1650705743 | ||
| 003 | DE-627 | ||
| 005 | 20200709111336.0 | ||
| 007 | tu | ||
| 008 | 190311s2018 xx ||||| 00| ||eng c | ||
| 035 | |a (DE-627)1650705743 | ||
| 035 | |a (DE-576)520012593 | ||
| 035 | |a (DE-599)BSZ520012593 | ||
| 035 | |a (OCoLC)1152526398 | ||
| 040 | |a DE-627 |b ger |c DE-627 |e rda | ||
| 041 | |a eng | ||
| 084 | |a 1 |2 ssgn | ||
| 100 | 1 | |e VerfasserIn |0 (DE-588)1129263215 |0 (DE-627)883863197 |0 (DE-576)486283135 |4 aut |a Tarant, Zbyněk |d 1982- | |
| 109 | |a Tarant, Zbyněk 1982- | ||
| 245 | 1 | 0 | |a From Munich to London |b responses to the czechoslovak crisis of 1938-1939 in the press of the Yishuv in Palestine |c Zbyněk Tarant |
| 264 | 1 | |c 2018 | |
| 336 | |a Text |b txt |2 rdacontent | ||
| 337 | |a ohne Hilfsmittel zu benutzen |b n |2 rdamedia | ||
| 338 | |a Band |b nc |2 rdacarrier | ||
| 650 | 0 | 7 | |0 (DE-588)4047150-0 |0 (DE-627)106195492 |0 (DE-576)209072490 |a Presse |2 gnd |
| 650 | 0 | 7 | |0 (DE-588)4033203-2 |0 (DE-627)106258494 |0 (DE-576)209000600 |a Krise |2 gnd |
| 650 | 0 | 7 | |0 (DE-588)4046514-7 |0 (DE-627)104152206 |0 (DE-576)209069945 |a Politik |2 gnd |
| 651 | 7 | |0 (DE-588)4044381-4 |0 (DE-627)106205765 |0 (DE-576)209060611 |a Palästina |2 gnd | |
| 651 | 7 | |0 (DE-588)4076310-9 |0 (DE-627)106083252 |0 (DE-576)209201436 |a Prag |2 gnd | |
| 652 | |a BH:TK | ||
| 773 | 0 | 8 | |i Enthalten in |t Chilufim |d Wien : Phoibos, 2006 |g 24(2018), Seite 71-99 |w (DE-627)519763890 |w (DE-600)2256697-1 |w (DE-576)265832454 |x 1817-9223 |7 nnas |
| 773 | 1 | 8 | |g volume:24 |g year:2018 |g pages:71-99 |
| 935 | |a BIIN | ||
| 951 | |a AR | ||
| BIB | |a 1 | ||
| ELC | |b 1 | ||
| LOK | |0 000 xxxxxcx a22 zn 4500 | ||
| LOK | |0 001 3337807453 | ||
| LOK | |0 003 DE-627 | ||
| LOK | |0 004 1650705743 | ||
| LOK | |0 005 20210527110730 | ||
| LOK | |0 008 190311||||||||||||||||ger||||||| | ||
| LOK | |0 035 |a (DE-Tue135-1)254918 | ||
| LOK | |0 040 |a DE-Tue135-1 |c DE-627 |d DE-Tue135-1 | ||
| LOK | |0 852 |a DE-Tue135-1 | ||
| LOK | |0 852 1 |m p |9 00 | ||
| LOK | |0 852 2 |b FTH Z4-146 |9 00 | ||
| LOK | |0 8564 |u https://bibsearch.uibk.ac.at/AC05706245 | ||
| LOK | |0 935 |a iZSA | ||
| LOK | |0 936ln |0 1442043520 |a BH | ||
| LOK | |0 936ln |0 1442053887 |a TK | ||
| LOK | |0 938 |k p | ||
| LOK | |0 939 |a 11-03-19 |b l12 | ||
| ORI | |a SA-MARC-ixtheoa001.raw | ||
| REL | |a 1 | ||
| STA | 0 | 0 | |a Crisis,Crisis,Crisis situation,Palestine,Palestine,Palestine,Holy Land,Northern Palestine,Politics,Politics and government,Politics, Practical,Politics in art,Prague,Press |
| STB | 0 | 0 | |a Crise,Crise,Palestine,Politique,Politique,Pratiques politiques,Presse,Presse |
| STC | 0 | 0 | |a Crisis,Crisis,Palestina,Política,Política,Prensa |
| STD | 0 | 0 | |a Crisi,Crisi,Palestina,Politica,Politica,Stampa,Carta stampata,Carta stampata |
| STE | 0 | 0 | |a 危机,危急关头,巴勒斯坦,政治,政治,新闻媒体 |
| STF | 0 | 0 | |a 危機,危急關頭,巴勒斯坦,政治,政治,新聞媒體 |
| STG | 0 | 0 | |a Crise,Crise,Imprensa,Palestina,Política,Política |
| STH | 0 | 0 | |a Кризис (мотив),Кризис,Палестина (мотив),Политика (мотив),Политика,Пресса |
| STI | 0 | 0 | |a Κρίση (μοτίβο),Κρίση,Παλαιστίνη (μοτίβο),Πολιτική (μοτίβο),Πολιτική,Τύπος |
| SUB | |a BIB |a REL | ||
| SYE | 0 | 0 | |a Pressewesen , Krisensituation,Krisen , Staatspolitik,Politische Lage,Politische Entwicklung,Politics,Public policy,Staatspolitik,Politische Lage,Politische Entwicklung,Politische Situation |
| SYF | 0 | 0 | |a Palestine , Palestine,Filasṭīn,Falasṭīn,Pālēśtīnā,Palaestina,ʾĒrēts Yiśrāʾel,Eretz Yisrael,Erez Israel,Eretz Israel,Heiliges Land , Prager Blutgericht , Hlavni Město Praha,Hauptstadt Prag,Kraj Praha,Bezirk Prag,Praha,Prague,Praga,Praag,Boiemorum Casurgis,Bojemorum Casurgis,Casurgis,Regia Boiemorum Casurgis,Regia Bojemorum Casurgis |